司法过程的性质 Si fa guo cheng de xing zhi (Record no. 35653)
[ view plain ]
| 000 -LEADER | |
|---|---|
| fixed length control field | 01120nam a2200241 4500 |
| 008 - FIXED-LENGTH DATA ELEMENTS--GENERAL INFORMATION | |
| fixed length control field | 110506s2009 ch 000 0 chi |
| 020 ## - INTERNATIONAL STANDARD BOOK NUMBER | |
| International Standard Book Number | 7100064457 |
| 020 ## - INTERNATIONAL STANDARD BOOK NUMBER | |
| International Standard Book Number | 9787100064453 :HK12.00/Php74.38 |
| 090 ## - LOCALLY ASSIGNED LC-TYPE CALL NUMBER (OCLC); LOCAL CALL NUMBER (OCLC) | |
| Classification number (OCLC) (R) ; Classification number, CALL (RLIN) (NR) | KF380 |
| Local cutter number (OCLC) ; Book number/undivided call number, CALL (RLIN) | C17 |
| -- | 2009 |
| 100 1# - MAIN ENTRY--PERSONAL NAME | |
| Personal name | 本杰明 卡多佐著 Cardozo, Benjamin N. (Benjamin Nathan), |
| Dates associated with a name | 1870-1938. |
| 245 10 - TITLE STATEMENT | |
| Title | 司法过程的性质 Si fa guo cheng de xing zhi |
| 246 10 - VARYING FORM OF TITLE | |
| Title proper/short title | Nature of the judicial process / |
| -- | 本杰明 卡多佐著 ; 苏力译. ; Benjamin N.Cardozo |
| 260 ## - PUBLICATION, DISTRIBUTION, ETC. (IMPRINT) | |
| Place of publication, distribution, etc | 商務印書館 Commercial Press, Beijing : |
| Name of publisher, distributor, etc | Shang wu yin shu guan, |
| Date of publication, distribution, etc | 2009. |
| 300 ## - PHYSICAL DESCRIPTION | |
| Extent | 2, 5, 1, 115 p. ; |
| Dimensions | 21 cm. |
| 490 1# - SERIES STATEMENT | |
| Series statement | 漢譯世界學術名著叢書 Han yi shi jie xue zhu ming zhu cong shu = |
| -- | [Collection of world-renown academic classical works in Chinese]. |
| 500 ## - GENERAL NOTE | |
| General note | Translation of: Nature of the judicial process. |
| 650 #4 - SUBJECT ADDED ENTRY--TOPICAL TERM | |
| Topical term or geographic name as entry element | Judicial process {ch}. |
| 650 #4 - SUBJECT ADDED ENTRY--TOPICAL TERM | |
| Topical term or geographic name as entry element | Law |
| General subdivision | Philosophy {ch}. |
| 650 #4 - SUBJECT ADDED ENTRY--TOPICAL TERM | |
| Topical term or geographic name as entry element | 政治、法律、社會學 {ch} |
| 951 ## - EQUIVALENCE OR CROSS-REFERENCE-GEOGRAPHIC NAME/AREA NAME [OBSOLETE] [CAN/MARC only] | |
| General subdivision | 00040329 |
| 700 1# - ADDED ENTRY--PERSONAL NAME | |
| Personal name | Cardozo, Benjamin N |
| 700 1# - ADDED ENTRY--PERSONAL NAME | |
| Personal name | 苏力译. |
| 951 ## - EQUIVALENCE OR CROSS-REFERENCE-GEOGRAPHIC NAME/AREA NAME [OBSOLETE] [CAN/MARC only] | |
| -- | C-10474 |
| -- | REF-CHKF380/C17/2009 |
| -- | 110506141814671 |
| -- | 2000-12-21 |
| -- | Ref-CH |
| Withdrawn status | Lost status | Damaged status | Not for loan | Home library | Current library | Shelving location | Date acquired | Accession number | Shelving control number | Total Checkouts | Full call number | Barcode | Date last seen | Price effective from | Koha item type |
|---|---|---|---|---|---|---|---|---|---|---|---|---|---|---|---|
| BSOP Library | BSOP Library | 12/21/2000 | C-10474 | 127 | REF-CHKF380/C17/2009 | 00040329 | 02/23/2013 | 02/23/2013 | Books |
